Main Battle Tanks of Each Nations - Statistics

General Stats
  • This quiz has been taken 268 times
  • The average score is 7 of 30
Answer Stats
Hint Answer % Correct
United States M1A2 Abrams
96%
Russia T-90
87%
United Kingdom Challenger II
82%
France Leclerc XLR
70%
Israel Merkava MK.4
47%
Greece Leopard 2A6 HEL
34%
Italy Ariete
31%
Ukraine T-84 BM Oplot
31%
Japan Type 10
30%
Sweden Leopard Strv.122
24%
China Type 99
23%
India Arjun MBT
18%
Poland PT-91
11%
Turkey Altay
10%
Pakistan Al-Khalid-1
8%
Serbia M-84
7%
South Africa Olifant 1B
7%
Taiwan CM-11 "Brave Tiger"
5%
Iran Karrar
5%
Germany Leopard A8
4%
Argentina Tanque Argentino Mediano
4%
Indonesia Kaplan MT/Harimau
3%
Spain Leopard 2A6E
3%
Switzerland Leopard Pz.87
3%
Croatia M-84A4 Sniper
3%
North Korea Pokpung-Ho
3%
Egypt Ramses II
3%
Romania TR-85
3%
South Korea K1E1
2%
Bangladesh Type 59 Durjoy
2%
No matching quizzes found
Score Distribution
Percent of People with Each Score
Percentile by Number Answered
Your Score History
You have not taken this quiz